Masterclass in English Education : transforming teaching and learning /

Bibliographic Details
Corporate Author: ebrary, Inc
Other Authors: Brindley, Susan, 1951- (Editor), Marshall, Bethan, 1958- (Editor)
Format: eBook
Language:English
Published: New York : Bloomsbury Academic, 2015.
Series:MasterClass (Bloomsbury (Firm))
Subjects:
Online Access:Connect to the full text of this electronic book

MARC

Tag First Indicator Second Indicator Subfields
LEADER 00000cam a2200000Ki 4500
001 in00003500935
006 m o d
007 cr cnu---unuuu
008 141215s2015 nyu ob 001 0 eng d
005 20250816210217.1
020 |a 9781441153975  |q electronic bk. 
020 |a 1441153977  |q electronic bk. 
020 |z 9781441129062 
020 |z 1441129065 
020 |z 9781441129963 
020 |z 1441129960 
035 |a (NhCcYBP)ebr10962762 
040 |a NhCcYBP  |c NhCcYBP  |d UtOrBLW 
050 4 |a PE1065  |b .M36 2015 
072 7 |a LAN  |x 000000  |2 bisacsh 
082 0 4 |a 428.0071  |2 23 
084 |a EDU046000  |a EDU029020  |2 bisacsh 
245 0 0 |a Masterclass in English Education :  |b transforming teaching and learning /  |c edited by Sue Brindley and Bethan Marshall. 
264 1 |a New York :  |b Bloomsbury Academic,  |c 2015. 
300 |a 1 online resource. 
336 |a text  |b txt  |2 rdacontent 
337 |a computer  |b c  |2 rdamedia 
338 |a online resource  |b cr  |2 rdacarrier 
490 1 |a MasterClass series 
588 0 |a Print version record. 
504 |a Includes bibliographical references and index. 
500 |a Electronic resource. 
650 0 |a English language  |x Study and teaching. 
650 0 |a Language arts. 
655 7 |a Electronic books.  |2 local 
700 1 |a Brindley, Susan,  |d 1951-  |e editor. 
700 1 |a Marshall, Bethan,  |d 1958-  |e editor. 
710 2 |a ebrary, Inc. 
776 1 8 |i Print version:  |t Masterclass in English Education  |z 9781441129062  |w (DLC) 2014009297 
830 0 |a MasterClass (Bloomsbury (Firm)) 
856 4 1 |u https://ebookcentral.proquest.com/lib/tamucs/detail.action?docID=1827001  |y Connect to the full text of this electronic book  |t 0 
955 |a YBP purchased DDA e-records 
980 |b 180.00  |g 1 
999 f f |s 4166b394-3c8d-34a4-8c4e-9b41a5528264  |i e82aa9e6-a375-3f4b-8e6b-a01d5251c2ef  |t 0 
999 |a MARS 
952 f f |a Texas A&M University  |b College Station  |c Electronic Resources  |d Available Online  |t 0  |e PE1065 .M36 2015  |h Library of Congress classification 
998 f f |a PE1065 .M36 2015  |t 0  |l Available Online